000 00373nam a2200133Ia 4500
008 151001s9999||||xx |||||||||||||| ||und||
100 _aपार्वतीबाई आठवले
245 _aमाझी कहाणी
250 _a2
260 _b"राजहंस प्रकाशन,पुणे "
260 _c2013
300 _a100
365 _b21
999 _c1002059
_d1002056